000 00885pam a2200277 i 4500
999 _c20366
_d20366
001 4157214
003 BDDh-ASL
005 20231015025859.0
008 800702r1955 nyuaf b 001 0 eng
010 _a 78063343
020 _a0404170188
040 _aDLC
_cDLC
_dDLC
_dBDDh-ASL
050 1 0 _aBP195.A8
_bH6 1980
082 0 0 _a297.822
_219
_bHOO
100 1 _aHodgson, Marshall G. S.
245 1 4 _aThe order of assassins /
260 _aNew York :
_bAMS Press,
_c[1955]
300 _axi, 352 p., [4] leaves of plates :
_bill. ;
_c23 cm.
500 _aReprint of the 1955 ed. published by Mouton, 's-Gravenhage.
500 _aBased in part on the author's thesis, University of Chicago.
500 _aIncludes index.
504 _aBibliography: p. [329]-334.
650 0 _aAssassins (Ismailites)
906 _a7
_bcbc
_corignew
_d1
_eopcn
_f19
_gy-gencatlg
942 _2ddc
_cBK